|
|
|
|
| LEADER |
00783cam a2200229 a 4500 |
| 001 |
0000116839 |
| 005 |
20091124090000.0 |
| 040 |
|
|
|a mod
|
| 041 |
|
|
|a eng
|
| 020 |
0 |
0 |
|a 9780521728836 (pbk.)
|
| 020 |
0 |
0 |
|a 9780521450379
|
| 090 |
0 |
0 |
|a 940.341
|b GRE
|e 2008
|
| 100 |
1 |
0 |
|a Gregory
|h Adrian
|
| 245 |
1 |
4 |
|a The last Great War
|b British society and the First World War
|c Adrian Gregory
|
| 260 |
0 |
0 |
|a Cambridge
|b Cambridge University Press
|c 2008
|
| 300 |
|
|
|a viii, 354 p.
|b ill.
|c 24 cm
|
| 504 |
0 |
0 |
|a Includes bibliographical references and index
|
| 650 |
0 |
0 |
|a World War, 1914-1918
|x Social aspects
|z Great Britain
|
| 650 |
0 |
0 |
|a World War, 1914-1918
|z Great Britain
|
| 651 |
0 |
0 |
|a Great Britain
|x History
|y George V, 1910-1936
|
| 852 |
0 |
0 |
|a 01
|
| 999 |
|
|
|a 0282686
|b IPDA
|d BOOKS
|e Umum
|f IPDA
|j AVAILABLE
|q GOOD CONDITION
|